Sadhrān̲ / (Record no. 329885)
[ view plain ]
| 000 -LEADER | |
|---|---|
| fixed length control field | 00666cam a22002177a 4500 |
| 001 - CONTROL NUMBER | |
| control field | 3412443 |
| 003 - CONTROL NUMBER IDENTIFIER | |
| control field | NUST |
| 005 - DATE AND TIME OF LATEST TRANSACTION | |
| control field | 20170614141507.0 |
| 008 - FIXED-LENGTH DATA ELEMENTS--GENERAL INFORMATION | |
| fixed length control field | 911008s1989 pk 000 0 pan |
| 010 ## - LIBRARY OF CONGRESS CONTROL NUMBER | |
| LC control number | 89933206 |
| 040 ## - CATALOGING SOURCE | |
| Original cataloging agency | DLC |
| Transcribing agency | DLC |
| Modifying agency | DLC |
| 050 00 - LIBRARY OF CONGRESS CALL NUMBER | |
| Classification number | MLCSA 92/01730 (P) |
| 082 ## - DEWEY DECIMAL CLASSIFICATION NUMBER | |
| Classification number | 891.427 |
| Author Mark | QUD |
| 100 1# - MAIN ENTRY--PERSONAL NAME | |
| Personal name | Bāno Qudsiyah, |
| Dates associated with a name | 1928-2017. |
| 9 (RLIN) | 1163 |
| 245 10 - TITLE STATEMENT | |
| Title | Sadhrān̲ / |
| Statement of responsibility, etc. | Bāno Qudsiyah. |
| 260 ## - PUBLICATION, DISTRIBUTION, ETC. | |
| Place of publication, distribution, etc. | Lāhore : |
| Name of publisher, distributor, etc. | Sang-e- Meel Publishers, |
| Date of publication, distribution, etc. | 1989. |
| 300 ## - PHYSICAL DESCRIPTION | |
| Extent | 227 p. ; |
| Dimensions | 22 cm. |
| 500 ## - GENERAL NOTE | |
| General note | Play. |
| 500 ## - GENERAL NOTE | |
| General note | In Panjabi (Arabic script) |
| 546 ## - LANGUAGE NOTE | |
| Language note | In Punjabi |
| 650 ## - SUBJECT ADDED ENTRY--TOPICAL TERM | |
| Topical term or geographic name entry element | Punjabi Darama |
| 9 (RLIN) | 1490 |
| 880 ## - ALTERNATE GRAPHIC REPRESENTATION | |
| Title | سدھراں |
| Linkage | 245-02\(3\r |
| c | بانو قدسیہ |
| 880 ## - ALTERNATE GRAPHIC REPRESENTATION | |
| Title | بانو قدسیہ |
| Linkage | 100-01\(3\r |
| 880 ## - ALTERNATE GRAPHIC REPRESENTATION | |
| Title | لاہور: |
| Linkage | 260-03\(3\r |
| b | سنگ میل پبلی کیشنز، |
| c | 2002 |
| 906 ## - LOCAL DATA ELEMENT F, LDF (RLIN) | |
| a | 7 |
| b | cbc |
| c | orignew |
| d | u |
| e | ncip |
| f | 19 |
| g | y-gencatlg |
| 942 ## - ADDED ENTRY ELEMENTS (KOHA) | |
| Source of classification or shelving scheme | |
| Koha item type | Book |
| Withdrawn status | Lost status | Source of classification or shelving scheme | Damaged status | Not for loan | Permanent Location | Current Location | Shelving location | Date acquired | Total Checkouts | Full call number | Barcode | Date last seen | Date last checked out | Copy number | Price effective from | Koha item type |
|---|---|---|---|---|---|---|---|---|---|---|---|---|---|---|---|---|
| Central Library (CL) | Central Library (CL) | Fiction | 05/29/2017 | 1 | 891.427 QUD | CL1845 | 01/30/2019 | 01/03/2019 | 1 | 05/29/2017 | Book |
